000 01476nam a2200397 i 4500
003 OSt
005 20231211121024.0
008 231205s2022 cc a j 000 0 chi d
020 _a9787513348652
_cRM43.20
_qhardback
040 _aPPAK
_beng
_cPPAK
_erda
041 1 _achi
_hjpn
082 0 4 _223
_a895.6
090 0 0 _a895.6
_bYOS
_dK
100 1 _6880-01
_aYoshitake, Shinsuke,
_d1973-
_eauthor.
240 _aNigete sagashite.
_lChinese
245 1 0 _6880-02
_aTao pao ba xun zhao ba /
_c[Ri] Jizhu Shenjie zhu ; Zheng Yuxiao yi
246 3 3 _iTranslation of:
_aNigete sagashite
250 _aDi 1 ban.
264 1 _aBeijing :
_bNew Star Press,
_c2022
300 _a1 volume (unpaged) :
_bcolor illustrations ;
_c17 cm
336 _atext
_2rdacontent
337 _aunmediated
_2rdamedia
338 _avolume
_2rdacarrier
490 1 _6880-03
_aAi xin shu hui ben guan ;
_v1024
546 _aIn simplified Chinese script.
650 1 0 _aChildren's stories, Japanese
_vTranslations into Chinese
650 2 0 _aChildren
_xConduct of life
_vJuvenile literature
655 7 _aPicture books
700 1 _6880-04
_aZheng, Yuxiao,
_etranslator.
830 0 _aAi xin shu hui ben guan ;
_n1024
880 1 _6100-01
_a吉竹伸介,
_d1973-
_eauthor.
880 1 0 _6245-02
_a逃跑吧寻找吧 /
_c[日]吉竹伸介 著 ; 郑钰晓 译.
880 1 _6490-03
_a爱心树绘本馆 ;
_n1024
880 1 _6700-04
_a郑钰晓,
_etranslator.
942 _2ddc
_cB
999 _c193931
_d193931